[Event "ch-RUS Blitz w 2016"]
[Site "Sochi RUS"]
[Date "2016.10.04"]
[Round "1.2"]
[White "Vasilevich, Irina"]
[Black "Pustovoitova, Daria"]
[Result "0-1"]
[WhiteTitle "IM"]
[BlackTitle "FM"]
[WhiteElo "2285"]
[BlackElo "2386"]
[WhiteFideId "4141296"]
[BlackFideId "4182146"]
[EventDate "2016.10.04"]

1. c4 Nf6 2. Nc3 e5 3. g3 d5 4. cxd5 Nxd5 5. Bg2 Nb6 6. e3 Nc6 7. Nge2 Be7 8.
O-O O-O 9. f4 Bd6 10. b3 f6 11. Bb2 Ne7 12. Rc1 c6 13. Ne4 Be6 14. fxe5 Bxe5 15.
Bxe5 fxe5 16. Rxf8+ Qxf8 17. Nc5 Bc8 18. d4 Nbd5 19. Qd2 b6 20. Nd3 exd4 21.
exd4 Qf6 22. Rf1 Qd6 23. Ne5 Ba6 24. Rf2 Nf6 25. Nc4 Bxc4 26. bxc4 Rd8 27. Rf1
a6 28. a4 Qa3 29. Qc2 Qe3+ 30. Kh1 Ng4 31. Nf4 Rxd4 32. Qb2 Rd2 33. Qc1 Nf2+ 34.
Rxf2 Qxf2 35. Qc3 Rd1+ 0-1

[Event "ch-RUS Blitz w 2016"]
[Site "Sochi RUS"]
[Date "2016.10.04"]
[Round "1.4"]
[White "Makarenko, Alexandra"]
[Black "Pogonina, Natalija"]
[Result "1/2-1/2"]
[WhiteTitle "WFM"]
[BlackTitle "WGM"]
[WhiteElo "2243"]
[BlackElo "2484"]
[WhiteFideId "4165055"]
[BlackFideId "4147855"]
[EventDate "2016.10.04"]

1. e4 e5 2. Nf3 Nc6 3. Bb5 a6 4. Ba4 Nf6 5. O-O b5 6. Bb3 Bb7 7. d3 Be7 8. Re1
O-O 9. a4 d6 10. Nc3 Na5 11. Ba2 b4 12. Ne2 c5 13. h3 Rb8 14. g4 b3 15. Bxb3
Nxb3 16. cxb3 Bc8 17. Ng3 Be6 18. a5 Bxb3 19. Qe2 Ne8 20. Nf5 Nc7 21. Bd2 Ne6
22. Kh2 Nf4 23. Bxf4 exf4 24. Nxe7+ Qxe7 25. d4 cxd4 26. Nxd4 Qf6 27. Qd2 Bc4
28. Ra3 Rb7 29. f3 Rfb8 30. b3 Bxb3 31. Nxb3 Rxb3 32. Rxb3 Rxb3 33. e5 dxe5 34.
Rxe5 Rb8 35. Re2 h6 36. Qd3 g6 37. Rd2 Kg7 38. Kg2 Rb5 39. Ra2 Rb4 40. Qd2 Rd4
41. Qc1 Qh4 42. Qc3 Qf6 43. Rc2 g5 44. Kf2 Qe5 45. Re2 Qf6 46. Re4 Rxe4 47.
Qxf6+ Kxf6 48. fxe4 Ke5 49. Kf3 Kd4 50. h4 gxh4 51. Kxf4 h3 52. Kg3 Kxe4 53.
Kxh3 f5 54. gxf5 Kxf5 55. Kh4 Kg6 56. Kg4 h5+ 57. Kh4 Kh6 58. Kg3 Kg5 59. Kh3
Kf5 60. Kh4 Ke5 61. Kxh5 Kd5 62. Kg4 Kc5 63. Kf3 Kb5 64. Ke2 1/2-1/2

[Event "ch-RUS Blitz w 2016"]
[Site "Sochi RUS"]
[Date "2016.10.04"]
[Round "1.5"]
[White "Bodnaruk, Anastasia"]
[Black "Komiagina, Maria"]
[Result "1-0"]
[WhiteTitle "IM"]
[BlackTitle "WIM"]
[WhiteElo "2463"]
[BlackElo "2247"]
[WhiteFideId "4181751"]
[BlackFideId "4153987"]
[EventDate "2016.10.04"]

1. e4 c5 2. b3 b6 3. d4 cxd4 4. Qxd4 Nc6 5. Qd2 e6 6. Bb2 Bb7 7. Nc3 a6 8. O-O-O
Qc7 9. f4 d6 10. Nf3 Nf6 11. Kb1 Be7 12. Rg1 b5 13. Bd3 O-O 14. g4 Rfd8 15. g5
Ne8 16. f5 Bf8 17. Ne2 Ne5 18. Nfd4 exf5 19. exf5 Rac8 20. Nf4 Qc5 21. g6 hxg6
22. fxg6 Nxg6 23. Nxg6 fxg6 24. Ne6 Qc6 25. Nxd8 Rxd8 26. Rxg6 b4 27. Bc4+ Kh7
28. Qg5 Qf3 29. Rg1 d5 30. Bd3 Kg8 31. Qxd8 Bc6 32. Rxc6 1-0

[Event "ch-RUS Blitz w 2016"]
[Site "Sochi RUS"]
[Date "2016.10.04"]
[Round "1.6"]
[White "Kostrikina, Anna"]
[Black "Girya, Olga"]
[Result "0-1"]
[WhiteTitle "WFM"]
[BlackTitle "WGM"]
[WhiteElo "2161"]
[BlackElo "2446"]
[WhiteFideId "4176219"]
[BlackFideId "4195752"]
[EventDate "2016.10.04"]

1. e4 c5 2. Nf3 Nc6 3. Bb5 Nf6 4. Bxc6 dxc6 5. e5 Nd5 6. O-O Bg4 7. h3 Bh5 8. d3
e6 9. Nc3 Be7 10. Ne4 h6 11. a3 Qc7 12. Re1 Bxf3 13. gxf3 Qxe5 14. Nxc5 Qf5 15.
Ne4 Qxh3 16. Qe2 O-O 17. c4 Nf6 18. Bf4 Rad8 19. Rad1 Qh5 20. Bg3 Qf5 21. d4 Nh5
22. Bh2 Nf4 23. Bxf4 Qxf4 24. d5 cxd5 25. cxd5 exd5 26. Ng3 Bc5 27. Kg2 Rd6 28.
b4 Bb6 29. Qe5 0-1

[Event "ch-RUS Blitz w 2016"]
[Site "Sochi RUS"]
[Date "2016.10.04"]
[Round "1.7"]
[White "Nechaeva, Marina"]
[Black "Belova, Olga"]
[Result "1-0"]
[WhiteTitle "IM"]
[BlackTitle "WFM"]
[WhiteElo "2428"]
[BlackElo "2035"]
[WhiteFideId "4149351"]
[BlackFideId "4138422"]
[EventDate "2016.10.04"]

1. d4 Nf6 2. c4 d5 3. cxd5 Nxd5 4. e4 Nb6 5. Nc3 e6 6. Nf3 c5 7. Be3 cxd4 8.
Nxd4 Be7 9. Be2 O-O 10. O-O e5 11. Ndb5 Nc6 12. Qxd8 Rxd8 13. Nxa7 Nxa7 14. Bxb6
Rd2 15. Rab1 Be6 16. Rfd1 Rxd1+ 17. Rxd1 Nc6 18. a3 g6 19. f3 f5 20. Nd5 Bd8 21.
Bxd8 Rxd8 22. Bc4 Kf7 23. Kf2 Nd4 24. Ne3 Rc8 25. Bxe6+ Kxe6 26. exf5+ gxf5 27.
f4 Rc6 28. fxe5 Kxe5 29. g3 h5 30. Rd2 h4 31. gxh4 Rh6 32. Nc4+ Ke4 33. Ne3 Rxh4
34. Rxd4+ 1-0

[Event "ch-RUS Blitz w 2016"]
[Site "Sochi RUS"]
[Date "2016.10.04"]
[Round "1.8"]
[White "Abramova, Yulia"]
[Black "Vasilevich, Tatjana"]
[Result "0-1"]
[BlackTitle "IM"]
[WhiteElo "1969"]
[BlackElo "2372"]
[WhiteFideId "24104655"]
[BlackFideId "14101610"]
[EventDate "2016.10.04"]

1. e4 c5 2. c3 e6 3. d4 d5 4. e5 Bd7 5. Nf3 Qb6 6. Nbd2 cxd4 7. cxd4 Ne7 8. Nb3
Nf5 9. Be2 Bb5 10. O-O Nc6 11. Be3 Be7 12. Bd3 Bxd3 13. Qxd3 O-O 14. g4 Nxe3 15.
fxe3 Nb4 16. Qe2 Rac8 17. Ne1 Rc7 18. Qg2 Bg5 19. Qf3 Nc2 20. Nxc2 Rxc2 21. Rf2
Qc7 22. e4 dxe4 23. Qxe4 Rxf2 24. Kxf2 Rc8 25. Kg3 Qc2 26. Qxc2 Rxc2 27. Rb1 Kf8
28. h4 Bd8 29. Nc5 b6 30. Ne4 Bc7 31. a3 Ke7 32. b4 f6 33. Kf4 Rc4 34. Rd1 h6
35. g5 hxg5+ 36. hxg5 f5 37. Ng3 Rc3 38. Nh5 g6 39. Nf6 Rxa3 40. d5 exd5 41.
Nxd5+ Kd8 42. Nxc7+ Kxc7 43. e6 Ra2 44. Ke5 Re2+ 45. Kf6 f4 46. e7 f3 47. Kf7 f2
48. e8=Q Rxe8 49. Kxe8 Kc6 50. Kf7 Kb5 51. Kxg6 Kxb4 52. Kh5 a5 53. Rf1 Kc3 54.
Rxf2 b5 55. g6 b4 56. g7 b3 57. g8=Q b2 58. Qa2 0-1

[Event "ch-RUS Blitz w 2016"]
[Site "Sochi RUS"]
[Date "2016.10.04"]
[Round "1.9"]
[White "Charochkina, Daria"]
[Black "Gorovenko, Darya"]
[Result "0-1"]
[WhiteTitle "IM"]
[BlackTitle "WFM"]
[WhiteElo "2366"]
[BlackElo "2060"]
[WhiteFideId "4180917"]
[BlackFideId "24173800"]
[EventDate "2016.10.04"]

1. c4 e5 2. Nc3 Nf6 3. g3 d5 4. cxd5 Nxd5 5. Bg2 Nb6 6. e3 Nc6 7. Nge2 Be7 8.
O-O Be6 9. f4 exf4 10. Nxf4 Qd7 11. d4 Bg4 12. Qc2 O-O 13. b3 Nb4 14. Qd2 c6 15.
Bb2 Bf6 16. Ne4 Be7 17. h3 Bf5 18. g4 Bxe4 19. Bxe4 N4d5 20. Nd3 Bg5 21. Rae1
Qe7 22. Bxd5 Nxd5 23. Nf4 Nf6 24. Qg2 Qe4 25. Qxe4 Nxe4 26. Kg2 Bh4 27. Rd1 Rfe8
28. Nd3 Bf6 29. Rf4 Nd6 30. Bc1 Bg5 31. Rf3 Rad8 32. Re1 Ne4 33. Rf5 f6 34. Rf3
b6 35. Nb4 Re6 36. Rh1 g6 37. h4 Bh6 38. Rhf1 Rde8 39. Nd3 Kg7 40. Nf4 Bxf4 41.
Rxf4 Nc3 42. R4f2 Nd5 43. Rf3 Nxe3+ 0-1

[Event "ch-RUS Blitz w 2016"]
[Site "Sochi RUS"]
[Date "2016.10.04"]
[Round "1.10"]
[White "Potapova, Margarita"]
[Black "Goryachkina, Aleksandra"]
[Result "1/2-1/2"]
[WhiteTitle "WFM"]
[BlackTitle "WGM"]
[WhiteElo "2060"]
[BlackElo "2460"]
[WhiteFideId "14126869"]
[BlackFideId "4147103"]
[EventDate "2016.10.04"]

1. e4 Nf6 2. e5 Nd5 3. d4 d6 4. Nf3 dxe5 5. Nxe5 c6 6. c4 Nf6 7. Nc3 g6 8. Be2
Bg7 9. O-O O-O 10. Be3 Nbd7 11. f4 Qc7 12. h3 Rd8 13. Qe1 a6 14. a4 e6 15. a5 c5
16. Qf2 Rf8 17. Rfd1 Rb8 18. dxc5 Nxe5 19. fxe5 Nd7 20. Ne4 Qxe5 21. Nd6 Qxb2
22. Rab1 Qa2 23. Rbc1 Nf6 24. Bd4 Ne8 25. Bxg7 Nxg7 26. Ra1 Qb2 27. Rab1 Qe5 28.
Re1 Nf5 29. Bf3 Qc3 30. Nxb7 Nd4 31. Be4 Bxb7 32. Bxb7 Qxc4 33. Rbc1 Qb4 34. Rb1
Qc4 35. Rbc1 Qb4 36. Rb1 1/2-1/2

[Event "ch-RUS Blitz w 2016"]
[Site "Sochi RUS"]
[Date "2016.10.04"]
[Round "1.11"]
[White "Ambartsumova, Karina"]
[Black "Sazonova, Anastasia"]
[Result "1-0"]
[WhiteTitle "WGM"]
[BlackTitle "WFM"]
[WhiteElo "2280"]
[BlackElo "2115"]
[WhiteFideId "4166299"]
[BlackFideId "24131008"]
[EventDate "2016.10.04"]

1. e4 e6 2. d4 d5 3. Nc3 Nf6 4. e5 Nfd7 5. f4 c5 6. Nf3 Qb6 7. Na4 Qa5+ 8. c3
cxd4 9. b4 Qc7 10. Nxd4 a6 11. Qf3 b5 12. Nb2 Nc6 13. Bd2 Bxb4 14. Nxc6 Ba3 15.
Nd4 Bxb2 16. Rb1 Ba3 17. Bd3 Bc5 18. O-O Nb6 19. Rbe1 Nc4 20. Bc1 Bb7 21. Kh1
O-O-O 22. Bc2 g5 23. a4 Qd7 24. axb5 axb5 25. fxg5 Rdf8 26. Bf4 Rhg8 27. Ra1 Kc7
28. Rfb1 Bc6 29. Bxh7 Rh8 30. Bd3 Ra8 31. Qe2 Rxa1 32. Rxa1 Ra8 33. Nxb5+ Kb6
34. Rxa8 Bxa8 35. Nd4 Qa4 36. h4 Qa1+ 37. Kh2 Qxc3 38. Nf3 d4 39. Bxc4 Bxf3 40.
gxf3 1-0

[Event "ch-RUS Blitz w 2016"]
[Site "Sochi RUS"]
[Date "2016.10.04"]
[Round "1.12"]
[White "Ektova, Elena"]
[Black "Gritsayeva, Oksana"]
[Result "0-1"]
[BlackTitle "WFM"]
[WhiteElo "1725"]
[BlackElo "2321"]
[WhiteFideId "24124419"]
[BlackFideId "14104652"]
[EventDate "2016.10.04"]

1. c4 c5 2. Nc3 Nf6 3. g3 e6 4. Bg2 d5 5. cxd5 exd5 6. d4 cxd4 7. Qxd4 Nc6 8.
Qd1 d4 9. Ne4 Be7 10. Bd2 O-O 11. Nh3 Nxe4 12. Bxe4 Bxh3 13. Qc2 g6 14. a3 Rc8
15. Qb3 Qb6 16. Qa2 Be6 17. Qb1 Na5 18. Bxa5 Qxa5+ 19. b4 Qb5 20. h4 Bd5 21. h5
Bxe4 22. Qxe4 Rfe8 23. Qg4 Qg5 24. Qxd4 Bf6 25. Qd1 0-1

[Event "ch-RUS Blitz w 2016"]
[Site "Sochi RUS"]
[Date "2016.10.04"]
[Round "1.13"]
[White "Severina, Maria"]
[Black "Bocharova, Ulyana"]
[Result "1-0"]
[WhiteTitle "WIM"]
[WhiteElo "2232"]
[BlackElo "1852"]
[WhiteFideId "4116909"]
[BlackFideId "24174513"]
[EventDate "2016.10.04"]

1. Nf3 d5 2. g3 Nf6 3. Bg2 Bf5 4. O-O e6 5. h3 Bd6 6. d3 c5 7. Nh4 Bg6 8. Nxg6
hxg6 9. c4 Nc6 10. cxd5 Nxd5 11. Nc3 Nxc3 12. bxc3 Qf6 13. Rb1 Rb8 14. Rxb7 Rxb7
15. Bxc6+ Rd7 16. Bxd7+ Kxd7 17. Qa4+ Kd8 18. Qxa7 Rxh3 19. Qa8+ Kd7 20. Qb7+
Kd8 21. Kg2 Qf5 22. Qa8+ Ke7 23. Qf3 Qxf3+ 24. Kxf3 Rh8 25. Be3 Ra8 26. Ra1 Ra3
27. c4 Kd7 28. Bc1 Ra5 29. a4 Kc6 30. Ra2 Be5 31. Bf4 Bc3 32. e4 f6 33. Ke2 g5
34. Bd2 Bxd2 35. Kxd2 Kd6 36. Kc3 Ke5 37. f3 g6 38. Ra1 f5 39. exf5 gxf5 40.
Re1+ Kd6 41. Kb3 e5 42. Rh1 Ra7 43. Rh6+ Ke7 44. Rh7+ 1-0

[Event "ch-RUS Blitz w 2016"]
[Site "Sochi RUS"]
[Date "2016.10.04"]
[Round "1.14"]
[White "Pavlova, Natalia"]
[Black "Sukhareva, Evgeniya"]
[Result "1-0"]
[WhiteElo "1990"]
[BlackElo "2151"]
[WhiteFideId "24135615"]
[BlackFideId "4167155"]
[EventDate "2016.10.04"]

1. Nf3 d5 2. g3 b6 3. Bg2 Bb7 4. O-O e6 5. d3 Nf6 6. Nbd2 Bc5 7. c4 O-O 8. b3 a5
9. Bb2 Nbd7 10. d4 Be7 11. Ne5 c5 12. Ndf3 dxc4 13. Nxc4 Rc8 14. Rc1 Qc7 15.
Nce5 Rfd8 16. Qc2 Be4 17. Qd2 Qb7 18. Qf4 Bd6 19. dxc5 Bxc5 20. Nxf7 Rf8 21. Nd6
Bxd6 22. Qxd6 Rcd8 23. Qxe6+ Kh8 24. Rfd1 Rde8 25. Qd6 Nc5 26. Ba3 Qa8 27. Bxc5
bxc5 28. Qxc5 Rc8 29. Qe3 Rce8 30. Qd4 Rd8 31. Qe5 Rde8 32. Qb5 Rb8 33. Qc4 Rbc8
34. Qd4 Rcd8 35. Qe5 Rde8 36. Qd6 Rd8 37. Qa3 Rde8 38. Rc5 Ng4 39. Rxa5 Qc6 40.
Qc5 Qf6 41. Ra7 Qh6 42. h3 Nf6 43. Qc7 Rg8 44. Qf4 Qg6 45. Nh4 Qf7 46. Rxf7 Bxg2
47. Kxg2 Nh5 48. Qf3 Nf6 49. Rxf6 gxf6 50. Qxf6+ Rg7 51. Rd7 1-0

[Event "ch-RUS Blitz w 2016"]
[Site "Sochi RUS"]
[Date "2016.10.04"]
[Round "1.15"]
[White "Drozdova, Dina"]
[Black "Rozhko, Mariya"]
[Result "1-0"]
[WhiteTitle "WIM"]
[BlackTitle "WFM"]
[WhiteElo "2242"]
[BlackElo "2099"]
[WhiteFideId "4170695"]
[BlackFideId "4171314"]
[EventDate "2016.10.04"]

1. d4 d5 2. c4 e6 3. Nc3 Nf6 4. Bg5 Nbd7 5. e3 Be7 6. Rc1 c6 7. cxd5 exd5 8. Bd3
O-O 9. Nge2 Re8 10. O-O Ne4 11. Bf4 Ndf6 12. f3 Nd6 13. Bg3 Bf8 14. Bf2 Bf5 15.
Ng3 Bxd3 16. Qxd3 Qd7 17. b3 g6 18. Rfe1 Bh6 19. Rcd1 Re7 20. Re2 Rae8 21. Rde1
Bg7 22. Na4 b6 23. Nc3 Qb7 24. a4 c5 25. dxc5 bxc5 26. Rb1 Qc6 27. Rd2 c4 28.
bxc4 Nxc4 29. Nxd5 Nxd5 30. Qxd5 Qxd5 31. Rxd5 Nxe3 32. Bxe3 Rxe3 33. Ne4 f5 34.
Nc5 Re2 35. h4 Ra2 36. Rb7 Re1+ 37. Kh2 Be5+ 38. Rxe5 Rxe5 39. Nd7 Ree2 40. Nf6+
Kf8 41. Nxh7+ Ke8 42. Nf6+ Kd8 43. Kg3 Rxg2+ 44. Kf4 Rxa4+ 45. Ke5 Re2+ 46. Kd5
Ra5+ 47. Kd4 Rd2+ 48. Ke3 Rc2 49. Kf4 Rc4+ 50. Kg5 Rc3 51. Kxg6 Rxf3 52. h5 Rh3
53. h6 Ra6 54. h7 Kc8 55. Rf7 Rxh7 56. Rxh7 f4 57. Rh4 Ra4 58. Kf5 a5 59. Nd5
Rd4 60. Nxf4 a4 61. Ke5 Rd8 62. Nd5 Re8+ 63. Kd6 a3 64. Ra4 Kb7 65. Rxa3 Rd8+
66. Kc5 Rf8 67. Rb3+ Ka7 68. Kc6 Rc8+ 1-0

[Event "ch-RUS Blitz w 2016"]
[Site "Sochi RUS"]
[Date "2016.10.04"]
[Round "2.2"]
[White "Pustovoitova, Daria"]
[Black "Vasilevich, Irina"]
[Result "1-0"]
[WhiteTitle "FM"]
[BlackTitle "IM"]
[WhiteElo "2386"]
[BlackElo "2285"]
[WhiteFideId "4182146"]
[BlackFideId "4141296"]
[EventDate "2016.10.04"]

1. d4 e6 2. c4 Bb4+ 3. Nd2 b6 4. a3 Bxd2+ 5. Qxd2 Bb7 6. f3 f5 7. e3 Nf6 8. Bd3
a5 9. b3 O-O 10. Ne2 d6 11. Bb2 Qe7 12. O-O Nbd7 13. Bc2 Nh5 14. Nf4 Qf7 15.
Rae1 e5 16. dxe5 Nxe5 17. Nd5 Rae8 18. Rd1 f4 19. Nxf4 Nxf4 20. exf4 Qxf4 21.
Qxf4 Rxf4 22. Rfe1 g6 23. Bc1 Rf7 24. f4 Rfe7 25. fxe5 dxe5 26. Be4 1-0

[Event "ch-RUS Blitz w 2016"]
[Site "Sochi RUS"]
[Date "2016.10.04"]
[Round "2.4"]
[White "Pogonina, Natalija"]
[Black "Makarenko, Alexandra"]
[Result "1-0"]
[WhiteTitle "WGM"]
[BlackTitle "WFM"]
[WhiteElo "2484"]
[BlackElo "2243"]
[WhiteFideId "4147855"]
[BlackFideId "4165055"]
[EventDate "2016.10.04"]

1. d4 Nf6 2. c4 g6 3. Nc3 Bg7 4. e4 d6 5. f3 Nc6 6. Bg5 h6 7. Be3 e5 8. d5 Nd4
9. Nge2 c5 10. dxc6 Nxc6 11. Qd2 Be6 12. Nd5 Bxd5 13. cxd5 Ne7 14. Nc3 Nd7 15.
Nb5 Nb6 16. Rc1 Rc8 17. Nxa7 Rxc1+ 18. Qxc1 O-O 19. Be2 Kh7 20. O-O f5 21. Nb5
f4 22. Bf2 g5 23. Nc7 Nbc8 24. Ne6 Qe8 25. Nxf8+ Qxf8 26. Qc7 Ng6 27. Rc1 Nce7
28. Qxd6 Qa8 29. a3 Qa4 30. Qb4 Qe8 31. d6 Nc6 32. Qxb7 Nd4 33. Bxd4 exd4 34. d7
Qe7 35. Qd5 d3 36. d8=Q Qa7+ 37. Qc5 Qxc5+ 38. Rxc5 dxe2 39. Kf2 Bxb2 40. Rc7+
Bg7 41. Qd7 1-0

[Event "ch-RUS Blitz w 2016"]
[Site "Sochi RUS"]
[Date "2016.10.04"]
[Round "2.5"]
[White "Komiagina, Maria"]
[Black "Bodnaruk, Anastasia"]
[Result "0-1"]
[WhiteTitle "WIM"]
[BlackTitle "IM"]
[WhiteElo "2247"]
[BlackElo "2463"]
[WhiteFideId "4153987"]
[BlackFideId "4181751"]
[EventDate "2016.10.04"]

1. e4 d6 2. d4 g6 3. Nc3 Bg7 4. Be3 a6 5. f4 b5 6. a3 Bb7 7. Nf3 Nd7 8. Bd3 e6
9. O-O Ne7 10. Qd2 c5 11. f5 exf5 12. exf5 c4 13. fxg6 hxg6 14. Be2 Nf6 15. Bg5
Nf5 16. Rae1 Kf8 17. b3 Rc8 18. bxc4 bxc4 19. Rb1 Ba8 20. d5 Qa5 21. Rb4 Nxd5
22. Nxd5 Qxd5 23. Qc1 Nd4 24. Bd1 f5 25. h3 c3 26. Qe3 Ne6 27. Qc1 a5 28. Rb1
Kf7 29. Be2 Nd4 30. Bd3 Nxf3+ 31. Rxf3 Qc5+ 32. Be3 Qc6 33. Rf2 Rxh3 34. Bxf5
gxf5 35. Rb6 Qe4 36. Bg5 Rch8 0-1

[Event "ch-RUS Blitz w 2016"]
[Site "Sochi RUS"]
[Date "2016.10.04"]
[Round "2.6"]
[White "Girya, Olga"]
[Black "Kostrikina, Anna"]
[Result "1-0"]
[WhiteTitle "WGM"]
[BlackTitle "WFM"]
[WhiteElo "2446"]
[BlackElo "2161"]
[WhiteFideId "4195752"]
[BlackFideId "4176219"]
[EventDate "2016.10.04"]

1. e4 c5 2. Nc3 Nc6 3. Bb5 Nd4 4. Bc4 e6 5. Nf3 Nf6 6. O-O d6 7. d3 a6 8. Nxd4
cxd4 9. Ne2 Qb6 10. a4 Be7 11. a5 Qc5 12. Qe1 e5 13. b4 Qc6 14. Bg5 O-O 15. Qd2
Be6 16. Bxe6 fxe6 17. f4 Qd7 18. f5 Rac8 19. Ng3 Rf7 20. fxe6 Qxe6 21. Nf5 Bf8
22. Rf3 Rcc7 23. Raf1 g6 24. Nxd4 Nxe4 25. Nxe6 Nxd2 26. Bxd2 1-0

[Event "ch-RUS Blitz w 2016"]
[Site "Sochi RUS"]
[Date "2016.10.04"]
[Round "2.7"]
[White "Belova, Olga"]
[Black "Nechaeva, Marina"]
[Result "0-1"]
[WhiteTitle "WFM"]
[BlackTitle "IM"]
[WhiteElo "2035"]
[BlackElo "2428"]
[WhiteFideId "4138422"]
[BlackFideId "4149351"]
[EventDate "2016.10.04"]

1. d4 Nf6 2. Nc3 d5 3. Bg5 e6 4. e4 dxe4 5. Nxe4 Be7 6. Bxf6 Bxf6 7. Nf3 Be7 8.
Qd3 Nd7 9. O-O-O Nf6 10. h4 Bd7 11. Ne5 a6 12. g4 Nxe4 13. Qxe4 Rb8 14. g5 Bd6
15. Bh3 Bxe5 16. Qxe5 O-O 17. f4 Bc6 18. Rhf1 Qd5 19. Qxd5 Bxd5 20. b3 b5 21. c3
Rfd8 22. h5 Rbc8 23. b4 Bxa2 24. Kb2 Bc4 25. Rfe1 Rd6 26. h6 Kf8 27. Bg2 gxh6
28. gxh6 Ke7 29. Be4 Rg8 30. Rg1 Rdd8 31. Rg7 Rxg7 32. hxg7 Rg8 33. Rg1 Kf6 34.
Bxh7 Rxg7 35. Rxg7 Kxg7 36. Be4 Kh6 0-1

[Event "ch-RUS Blitz w 2016"]
[Site "Sochi RUS"]
[Date "2016.10.04"]
[Round "2.8"]
[White "Vasilevich, Tatjana"]
[Black "Abramova, Yulia"]
[Result "0-1"]
[WhiteTitle "IM"]
[WhiteElo "2372"]
[BlackElo "1969"]
[WhiteFideId "14101610"]
[BlackFideId "24104655"]
[EventDate "2016.10.04"]

1. d4 d5 2. c4 Bf5 3. Nc3 c6 4. Nf3 e6 5. e3 Nd7 6. Bd3 Bxd3 7. Qxd3 Ngf6 8. O-O
Be7 9. e4 dxe4 10. Nxe4 Nxe4 11. Qxe4 Nf6 12. Qc2 O-O 13. b3 Qc7 14. Bb2 Rfd8
15. Rad1 Rac8 16. Rfe1 h6 17. h3 Ne8 18. Ne5 Bf6 19. Qe4 Nd6 20. Qf3 Nf5 21. g4
Nh4 22. Qe3 c5 23. f4 cxd4 24. Bxd4 Bxe5 25. fxe5 Qc6 26. Re2 Rd7 27. Rf1 b6 28.
Ref2 Rcd8 29. Qg3 Ng6 30. Be3 Qe4 31. Bf4 Rd3 32. Qg2 Qd4 33. Kh1 Rd1 34. Bg3
Rxf1+ 35. Qxf1 Rd7 36. Kh2 Nxe5 37. Qe2 0-1

[Event "ch-RUS Blitz w 2016"]
[Site "Sochi RUS"]
[Date "2016.10.04"]
[Round "2.9"]
[White "Gorovenko, Darya"]
[Black "Charochkina, Daria"]
[Result "0-1"]
[WhiteTitle "WFM"]
[BlackTitle "IM"]
[WhiteElo "2060"]
[BlackElo "2366"]
[WhiteFideId "24173800"]
[BlackFideId "4180917"]
[EventDate "2016.10.04"]

1. d4 d5 2. Nf3 Nf6 3. c4 c6 4. Nc3 e6 5. Bf4 dxc4 6. e3 b5 7. a4 Nd5 8. Bxb8
Rxb8 9. axb5 cxb5 10. Rxa7 Bb4 11. Qc2 O-O 12. Be2 Qb6 13. Ra1 Bb7 14. O-O Rfd8
15. Ne4 h6 16. b3 Rbc8 17. bxc4 bxc4 18. Qb1 c3 19. Rc1 f5 20. Ng3 Qc7 21. Ne5
Qe7 22. Nd3 Bd6 23. Qb3 Rb8 24. Bf3 Ba8 25. Qa4 Rdc8 26. Ne2 Bc6 27. Qd1 Bb5 28.
Bxd5 exd5 29. Nxc3 Bc4 30. Ne2 Rb7 31. Rab1 Rcb8 32. Rxb7 Qxb7 33. Ndf4 Qf7 34.
Rb1 Rc8 35. Rc1 g5 36. Nd3 Qc7 37. Nb2 Ba3 38. Nxc4 Bxc1 39. Qxc1 Qxc4 40. Qxc4
Rxc4 41. Kf1 Kf7 42. Ke1 Ke6 43. Kd2 Ra4 44. Nc3 Ra3 45. Kd3 Ra1 46. g3 Rh1 47.
Ke2 Rxh2 48. Kf1 Rh1+ 49. Ke2 h5 50. Na4 h4 51. Nc5+ Kd6 52. gxh4 gxh4 53. Kf3
Rg1 0-1

[Event "ch-RUS Blitz w 2016"]
[Site "Sochi RUS"]
[Date "2016.10.04"]
[Round "2.10"]
[White "Goryachkina, Aleksandra"]
[Black "Potapova, Margarita"]
[Result "1-0"]
[WhiteTitle "WGM"]
[BlackTitle "WFM"]
[WhiteElo "2460"]
[BlackElo "2060"]
[WhiteFideId "4147103"]
[BlackFideId "14126869"]
[EventDate "2016.10.04"]

1. d4 Nf6 2. c4 c5 3. d5 b5 4. cxb5 a6 5. bxa6 g6 6. Nc3 Bxa6 7. Nf3 d6 8. e4
Bxf1 9. Kxf1 Nbd7 10. g3 Bg7 11. Kg2 O-O 12. Qc2 Qa5 13. Bd2 Rfb8 14. a4 Ng4 15.
Nb5 Qb6 16. Bc3 Nge5 17. Nxe5 Nxe5 18. Qe2 c4 19. Bxe5 Bxe5 20. Qxc4 Rc8 21. Qe2
Rc5 22. Rhd1 Rac8 1-0

[Event "ch-RUS Blitz w 2016"]
[Site "Sochi RUS"]
[Date "2016.10.04"]
[Round "2.11"]
[White "Sazonova, Anastasia"]
[Black "Ambartsumova, Karina"]
[Result "0-1"]
[WhiteTitle "WFM"]
[BlackTitle "WGM"]
[WhiteElo "2115"]
[BlackElo "2280"]
[WhiteFideId "24131008"]
[BlackFideId "4166299"]
[EventDate "2016.10.04"]

1. d4 d6 2. Nf3 g6 3. c4 Bg7 4. e4 e5 5. dxe5 dxe5 6. Qxd8+ Kxd8 7. Nc3 c6 8.
Be3 h6 9. O-O-O+ Nd7 10. c5 Ke7 11. Nd2 b5 12. Kc2 Ngf6 13. a4 a6 14. Ra1 Bb7
15. Be2 Rhd8 16. Rhd1 Nf8 17. f3 Ne6 18. Nb3 Rxd1 19. Rxd1 Rd8 20. g3 Ne8 21.
Rxd8 Kxd8 22. axb5 axb5 23. Na2 Kc7 24. Nb4 Nf6 25. Nd2 Nd7 26. Nb3 Bf8 27. Nd3
h5 28. Bf1 f5 29. exf5 gxf5 30. Bh3 Ng7 31. Bh6 e4 32. Ne1 Ne5 33. fxe4 fxe4 34.
Nd2 e3 35. Ne4 Ne6 36. Bxf8 Nxf8 37. Kd1 Bc8 38. Bxc8 Kxc8 39. Ke2 Ne6 40. Kxe3
Nc4+ 41. Kd3 Nxb2+ 42. Kc3 Na4+ 43. Kb4 Nb2 44. Nf6 Ng7 45. Kc3 Nc4 46. g4 hxg4
47. Nxg4 Kd7 48. h4 Ke6 49. Ne3 Nxe3 50. Nd3 Kd5 51. Kb4 Nef5 52. Nf4+ Ke4 53.
Ng6 Ne3 54. Ne7 Nd5+ 55. Nxd5 Kxd5 0-1

[Event "ch-RUS Blitz w 2016"]
[Site "Sochi RUS"]
[Date "2016.10.04"]
[Round "2.12"]
[White "Gritsayeva, Oksana"]
[Black "Ektova, Elena"]
[Result "1-0"]
[WhiteTitle "WFM"]
[WhiteElo "2321"]
[BlackElo "1725"]
[WhiteFideId "14104652"]
[BlackFideId "24124419"]
[EventDate "2016.10.04"]

1. e4 c6 2. d4 d5 3. Nc3 dxe4 4. Nxe4 Bf5 5. Ng3 Bg6 6. Nh3 Nf6 7. Nf4 Nd5 8.
Nxg6 hxg6 9. Be2 Nd7 10. c4 N5f6 11. Bd2 Qc7 12. Qa4 Nb6 13. Qa5 Qd7 14. Bc3 e6
15. O-O-O Be7 16. h4 Bd8 17. Qe5 Bc7 18. Qe3 Na4 19. Kb1 Nxc3+ 20. Qxc3 a5 21.
h5 Bxg3 22. fxg3 gxh5 23. Bf3 a4 24. Rhe1 O-O 25. Rh1 g6 26. d5 1-0